Nutrition : (Record no. 10279)
[ view plain ]
| 000 -LEADER | |
|---|---|
| fixed length control field | 00588nam a22002052 4500 |
| 001 - CONTROL NUMBER | |
| control field | 0000024441 |
| 005 - DATE AND TIME OF LATEST TRANSACTION | |
| control field | 20151217152302.0 |
| 008 - FIXED-LENGTH DATA ELEMENTS--GENERAL INFORMATION | |
| fixed length control field | 131122s xx 000 0 eng d |
| 020 ## - INTERNATIONAL STANDARD BOOK NUMBER | |
| International Standard Book Number | 1405178785 : |
| 040 ## - CATALOGING SOURCE | |
| Original cataloging agency | KABU |
| Transcribing agency | KABU |
| 100 1# - MAIN ENTRY--PERSONAL NAME | |
| Personal name | Langley-Evans, Simon. |
| -- | 0000184556 |
| 245 10 - TITLE STATEMENT | |
| Title | Nutrition : |
| Remainder of title | a lifespan approach / |
| Statement of responsibility, etc. | Simon Langley-Evans. |
| 250 ## - EDITION STATEMENT | |
| Edition statement | 1st ed. |
| 260 ## - PUBLICATION, DISTRIBUTION, ETC. (IMPRINT) | |
| Place of publication, distribution, etc. | Oxford : |
| Name of publisher, distributor, etc. | Blackwell, |
| Date of publication, distribution, etc. | 2009. |
| 300 ## - PHYSICAL DESCRIPTION | |
| Extent | xii, 300 p. |
| 650 #0 - SUBJECT ADDED ENTRY--TOPICAL TERM | |
| Topical term or geographic name as entry element | Nutrition. |
| -- | 0000155604 |
| 852 1# - LOCATION | |
| -- | p7539 KES |
| 908 ## - PUT COMMAND PARAMETER (RLIN) | |
| Put command parameter | 131122 |
| 950 ## - LOCAL HOLDINGS (RLIN) | |
| -- | 1 |
| Withdrawn status | Lost status | Source of classification or shelving scheme | Not for loan | Home library | Current library | Date acquired | Total Checkouts | Total Renewals | Full call number | Barcode | Date last seen | Date last checked out | Price effective from | Koha item type |
|---|---|---|---|---|---|---|---|---|---|---|---|---|---|---|
| Library of Congress Classification | Kabarak, Main Campus | Kabarak, Main Campus | 17/12/2015 | 4 | 2 | QP141 .L36 2009 c. 1 | 016192 | 12/01/2024 | 29/05/2017 | 17/12/2015 | General Collection |